00522nam a22001457a 450000500170000002000260001703700130004310000230005624500850007926000400016427001160020430000220032094200170034299900170035920120116121426.0 a9788190942027c250.00 aDPLbPUB aWalia, B.S.939267 aNew Mantra Junior English Grammar and translation (Hindi-English)/cby B.S.Walia aPanchkulabNihal Publicationsc2011 aBharat Nagar, Kalka Bhind Railway Workshop Dist.PanchkulabPanchkula (Haryana)e133302k99104458719, 8826824203 a304p.c24cm.(pbk) 2ddccENmWAL c60959d60959